000 00381 a2200157 4500
001 69353
020 _a9788572084819
040 _cAnchieta - Itaigara
100 _aSypriano, Lilian
240 1 0 _aZé murieta, o homem da capa preta
_lpor
245 1 0 _aZé murieta, o homem da capa preta
300 _a31
362 0 _a2007
650 4 _aLiteratura infanto-juvenil
942 _cBK
999 _c69353
_d69353